Emergence, growth and challenges of films and home videos in Nigeria (Record no. 29511)

MARC details
000 -LEADER
fixed length control field 00588nam a2200181Ia 4500
020 ## - INTERNATIONAL STANDARD BOOK NUMBER
ISBN 9780980162639
050 ## - CALL MARK
Classification number PN 1993.5.N55 .E44/
100 ## - STATEMENT OF RESPONSIBILITY--MAIN AUTHOR NAME
Personal name Edited by Olufemi Onabajo & Ritchard M’Bayo
245 #0 - TITLE STATEMENT
Title Emergence, growth and challenges of films and home videos in Nigeria
260 ## - PUBLICATION, DISTRIBUTION, ETC. (IMPRINT)
Place of publication Maryland
260 ## - PUBLICATION, DISTRIBUTION, ETC. (IMPRINT)
Name of publisher African Renaissance Books Incorporated
260 ## - PUBLICATION, DISTRIBUTION, ETC. (IMPRINT)
Year of publication 2009
300 ## - PHYSICAL DESCRIPTION
Number of Pages 360 p
650 ## - SUBJECT ADDED ENTRY--TOPICAL TERM
Topical Term Motion picture industry--Nigeria. Video recordings industry--Nigeria.
942 ## - ADDED ENTRY ELEMENTS (KOHA)
Koha item type Books
Holdings
Withdrawn status Lost status Source of classification or shelving scheme Damaged status Not for loan Permanent Location Current Location Date acquired Accession Number Price effective from Koha item type
    Library of Congress Classification     NILE UNIVERSITY OF NIGERIA - MAIN LIBRARY NILE UNIVERSITY OF NIGERIA - MAIN LIBRARY 04/23/2025 0187511 04/23/2025 Books